000 00537nam a2200193 a 4500
003 PILC
005 20150112093439.0
008 100716s19uu xx 00 eng d
020 _a0712102825
050 _aHF 5691
_b.St779 1979
082 _aMSF 519.8
_bSt1 1979
100 _aStafford, LWT
_917663
245 _aBusiness Mathematics /
_cLWT Stafford
250 _a2nd ed.
260 _aLong Acre, London :
_bPitman Publishing,
_c1979.
300 _a384 pages :
_c18 cm.
650 _aMathematics- Business
_917664
942 _2lcc
_cBK
999 _c14687
_d14687